Word Ladder: Fashion Combo Quiz Stats

Quiz Updated Aug 6, 2016

Also try: Word Ladder: Cloth
Challenge
Share
Tweet
Embed
Score 0/16 Timer 02:00
0 Plays Today
Clue 5-Letter Word % Correct
Sleeved garmentSHIRT
97.9%
Curling, badminton, or football, e.g.SPORT
96.8%
Like the unlucky strawSHORT
95.5%
Where sally sells sea shellsSHORE
93.2%
Abandon, like a space missionABORT
91.2%
Love, worship, or venerateADORE
89%
'What _ ____!' (How dull!) (2 words)A BORE
88.5%
Towards the left side of a shipAPORT
87.9%
Clue 5-Letter Word % Correct
A mushroom seedSPORE
87.5%
Squirrel pride and joyACORN
86.4%
Ornament or embellishADORN
86.3%
Clipped, like woolSHORN
85%
Scoff atSCORN
83.9%
Hoop, pencil, or 'mini' garment, e.g.SKIRT
83.5%
Tall tower topperSPIRE
82.3%
Squirt or suddenly gush outSPIRT
77.1%

Today's Daily Dose

Missing Word
1974 Movies A-Z

Word Ladder
The White Album

Quick Pick
Gods of War

On This Day
February 22nd II

You're not logged in!

Compare scores with friends on all Sporcle quizzes.
Sign Up with Email
OR
Log In

You Might Also Like...

Show Comments

Extras

Top Quizzes Today


Score Distribution

Your Account Isn't Verified!

In order to create a playlist on Sporcle, you need to verify the email address you used during registration. Go to your Sporcle Settings to finish the process.